[Event "4th Prague Masters 2022"]
[Site "Prague CZE"]
[Date "2022.06.08"]
[Round "1.1"]
[White "Navara, David"]
[Black "Anton Guijarro, David"]
[Result "1-0"]
[WhiteTitle "GM"]
[BlackTitle "GM"]
[WhiteElo "2681"]
[BlackElo "2692"]
[WhiteFideId "309095"]
[BlackFideId "2285525"]
[EventDate "2022.06.08"]

1. d4 d5 2. c4 e6 3. Nc3 c6 4. e4 dxe4 5. Nxe4 Bb4+ 6. Bd2 Qxd4 7. Bxb4 Qxe4+ 8.
Be2 Na6 9. Bd6 Qxg2 10. Qd2 Qe4 11. Nf3 e5 12. Rg1 g6 13. Ng5 Qf4 14. Qxf4 exf4
15. Bxf4 Bf5 16. Rg3 h6 17. Re3+ Kf8 18. Bd6+ Kg7 19. Nf3 Nf6 20. Nd4 Ne4 21.
Nxf5+ gxf5 22. Be5+ f6 23. Bf4 Rad8 24. f3 Ng5 25. Re7+ Kg6 26. h4 Rh7 27. Rxh7
Nxh7 28. Kf2 Nf8 29. Rg1+ Kh7 30. Be3 Ne6 31. Bxa7 Nb4 32. a3 Nd3+ 33. Bxd3 Rxd3
34. Re1 Ng7 35. Re7 Rd2+ 36. Re2 Rd1 37. Re7 Rd2+ 38. Re2 Rd1 39. b4 Kg6 40. Re7
Rd2+ 41. Ke1 Ra2 42. Rxb7 Rxa3 43. b5 cxb5 44. cxb5 f4 45. h5+ Nxh5 46. b6 Ra1+
47. Kd2 Ng3 48. Rc7 Nf1+ 49. Kd3 Ne3 50. b7 1-0

[Event "4th Prague Masters 2022"]
[Site "Prague CZE"]
[Date "2022.06.08"]
[Round "1.2"]
[White "Nguyen, Thai Dai Van"]
[Black "Maghsoodloo, Parham"]
[Result "1/2-1/2"]
[WhiteTitle "GM"]
[BlackTitle "GM"]
[WhiteElo "2610"]
[BlackElo "2716"]
[WhiteFideId "358878"]
[BlackFideId "12539929"]
[EventDate "2022.06.08"]

1. Nf3 Nf6 2. c4 c5 3. Nc3 d5 4. cxd5 Nxd5 5. g3 Nc6 6. Bg2 Nc7 7. O-O e5 8. b3
Be7 9. Bb2 O-O 10. Rc1 f6 11. Nh4 Qd7 12. e3 Rb8 13. Qh5 Rf7 14. Rfd1 g6 15. Qe2
b6 16. Nb5 Ba6 17. a4 Nb4 18. d4 exd4 19. exd4 Nxb5 20. axb5 Qxb5 21. Qd2 Qe2
22. Ra1 cxd4 23. Bxd4 Rd8 24. Qc3 Rc8 25. Qd2 Qxd2 26. Rxd2 Bb5 27. Rdd1 Bf8 28.
Rac1 Re8 29. Nf3 Be2 30. Rd2 Bxf3 31. Bxf3 Bh6 32. Re2 Rd8 33. Rc4 Bf8 34. Bc3
a5 35. Rd2 Rfd7 36. Rxd7 Rxd7 37. Bxf6 Rf7 38. Rxb4 Bxb4 39. Bd5 b5 40. Kf1 a4
41. bxa4 bxa4 42. Bg5 a3 43. Bh6 Bf8 44. Bc1 Be7 45. Bh6 g5 46. h4 gxh4 47. Bc1
hxg3 48. Bxa3 Bxa3 49. Kg2 Bd6 50. fxg3 Kg7 51. Bxf7 Kxf7 52. g4 h6 53. Kh1 Kf6
54. Kg2 Kg5 55. Kh1 Kh4 56. Kg1 Kg3 57. Kh1 Bc5 58. g5 hxg5 1/2-1/2

[Event "4th Prague Masters 2022"]
[Site "Prague CZE"]
[Date "2022.06.08"]
[Round "1.3"]
[White "Le, Quang Liem"]
[Black "Shankland, Sam"]
[Result "1-0"]
[WhiteTitle "GM"]
[BlackTitle "GM"]
[WhiteElo "2709"]
[BlackElo "2718"]
[WhiteFideId "12401137"]
[BlackFideId "2004887"]
[EventDate "2022.06.08"]

1. d4 d5 2. c4 e6 3. Nf3 Nf6 4. Qc2 c5 5. cxd5 cxd4 6. Nxd4 Nxd5 7. a3 Be7 8. e4
Nf6 9. Nf3 Bd7 10. Nc3 Bc6 11. b4 a6 12. Bd3 Nbd7 13. O-O Rc8 14. Bb2 b5 15.
Rfd1 Qc7 16. Rac1 Bb7 17. a4 O-O 18. axb5 axb5 19. Qe2 Qb8 20. Bxb5 Nb6 21. Bd3
Bxb4 22. Nb5 Nbd7 23. Rb1 Bc5 24. h3 Rfd8 25. Bc3 Bb6 26. Bd4 Bxd4 27. Nbxd4 Nc5
28. e5 Nfe4 29. Nc6 Rxc6 30. Bxe4 Nxe4 31. Rxb7 Nc3 32. Rxd8+ Qxd8 33. Qd3 Rc8
34. Rd7 Qb6 35. Ng5 Qb1+ 36. Qxb1 Nxb1 37. Nxf7 Nd2 38. Rd8+ Rxd8 39. Nxd8 g5
40. Nxe6 h6 41. Nd4 Nc4 42. Nf5 1-0

[Event "4th Prague Masters 2022"]
[Site "Prague CZE"]
[Date "2022.06.08"]
[Round "1.4"]
[White "Salem, A.R. Saleh"]
[Black "Vallejo Pons, Francisco"]
[Result "1/2-1/2"]
[WhiteTitle "GM"]
[BlackTitle "GM"]
[WhiteElo "2679"]
[BlackElo "2703"]
[WhiteFideId "9301348"]
[BlackFideId "2205530"]
[EventDate "2022.06.08"]

1. e4 c6 2. d4 d5 3. e5 c5 4. dxc5 e6 5. c3 Nc6 6. Bf4 Bxc5 7. b4 Be7 8. Bd3 g5
9. Bg3 h5 10. h3 Qc7 11. Nf3 Nh6 12. b5 Na5 13. Nd4 Nf5 14. Bh2 Nxd4 15. cxd4
Qb6 16. Be2 Bb4+ 17. Kf1 Bd7 18. a3 Be7 19. a4 Rc8 20. g3 a6 21. Kg2 axb5 22.
axb5 Bxb5 23. Bxh5 Nb3 24. Ra2 Nxd4 25. Nd2 Nc6 26. Be2 Nb4 27. Rb2 Bc6 28. Qb1
d4+ 29. Bf3 d3 30. g4 Bxf3+ 31. Nxf3 Rc2 32. Bg3 O-O 33. h4 gxh4 34. Nxh4 Qc6+
35. Nf3 Nd5 36. Rxc2 Qxc2 37. Qe1 Rc8 38. Qe4 d2 39. Nxd2 b5 40. Qxc2 Rxc2 41.
Nb3 Rb2 42. Na5 Rb4 43. Nc6 Rxg4 44. f4 f5 45. exf6 Bxf6 46. Kf3 Rg7 47. Re1 b4
48. Nxb4 Nxb4 49. Rxe6 Rf7 50. Ke4 Bg7 51. f5 Na2 52. Be5 Nc3+ 53. Kd4 Nb5+ 54.
Ke4 Nc7 55. Rg6 Ne8 56. Bxg7 Nxg7 57. f6 Kh7 58. Rxg7+ Rxg7 59. fxg7 Kxg7 1/2-1/2

[Event "4th Prague Masters 2022"]
[Site "Prague CZE"]
[Date "2022.06.08"]
[Round "1.5"]
[White "Harikrishna, Pentala"]
[Black "Vidit, Santosh Gujrathi"]
[Result "1-0"]
[WhiteTitle "GM"]
[BlackTitle "GM"]
[WhiteElo "2701"]
[BlackElo "2723"]
[WhiteFideId "5007003"]
[BlackFideId "5029465"]
[EventDate "2022.06.08"]

1. d4 Nf6 2. c4 e6 3. Nc3 Bb4 4. e3 O-O 5. Bd3 d5 6. cxd5 exd5 7. a3 Bd6 8. Qc2
c6 9. Nge2 Re8 10. Bd2 b6 11. f3 c5 12. b4 cxb4 13. Nb5 bxa3 14. e4 dxe4 15.
fxe4 Ba6 16. e5 Bxe5 17. dxe5 Rxe5 18. Bc3 Nc6 19. Rd1 Qe7 20. Bxe5 Nxe5 21. O-O
Nxd3 22. Qxd3 Qc5+ 23. Ned4 Rd8 24. Rfe1 a2 25. Qc3 h6 26. Qxc5 bxc5 27. Nc7 Bc4
28. Nc6 Rxd1 29. Rxd1 Bd3 30. Ra1 Bb1 31. Kf2 Ng4+ 32. Ke2 Nxh2 33. Ne5 f6 34.
Nc4 Be4 35. Ne3 f5 36. Rxa2 g5 37. Ncd5 Kf7 38. Nc3 1-0

[Event "4th Prague Masters 2022"]
[Site "Prague CZE"]
[Date "2022.06.09"]
[Round "2.1"]
[White "Navara, David"]
[Black "Nguyen, Thai Dai Van"]
[Result "1/2-1/2"]
[WhiteTitle "GM"]
[BlackTitle "GM"]
[WhiteElo "2681"]
[BlackElo "2610"]
[WhiteFideId "309095"]
[BlackFideId "358878"]
[EventDate "2022.06.08"]

1. e4 c5 2. Nf3 e6 3. g3 Nc6 4. Bg2 Nf6 5. d3 d5 6. Qe2 Be7 7. O-O O-O 8. e5 Nd7
9. c4 a6 10. h4 h6 11. Bf4 b5 12. Rd1 Nb6 13. b3 Ra7 14. Nbd2 Rd7 15. Nf1 Bb7
16. N1h2 bxc4 17. dxc4 dxc4 18. bxc4 Rxd1+ 19. Rxd1 Qa8 20. Ng4 h5 21. Ne3 g6
22. Bg5 Bxg5 23. hxg5 Rd8 24. g4 h4 25. Rxd8+ Qxd8 26. Nxh4 Nd4 27. Qb2 Bxg2 28.
Kxg2 Nxc4 29. Nxc4 Qd5+ 30. Kh2 Qxc4 31. Qb8+ Kg7 32. Nxg6 Nf3+ 33. Kg3 Nxg5 34.
Qh8+ Kxg6 35. Qh5+ Kg7 36. Qxg5+ Kf8 37. Qd8+ Kg7 38. Qg5+ Kf8 39. Qd8+ Kg7 40.
f4 Qe4 41. Qf6+ Kg8 42. Qg5+ Kf8 43. Qd8+ Kg7 44. Qf6+ Kg8 45. Qg5+ 1/2-1/2

[Event "4th Prague Masters 2022"]
[Site "Prague CZE"]
[Date "2022.06.09"]
[Round "2.2"]
[White "Maghsoodloo, Parham"]
[Black "Le, Quang Liem"]
[Result "1/2-1/2"]
[WhiteTitle "GM"]
[BlackTitle "GM"]
[WhiteElo "2716"]
[BlackElo "2709"]
[WhiteFideId "12539929"]
[BlackFideId "12401137"]
[EventDate "2022.06.08"]

1. d4 Nf6 2. c4 e6 3. Nf3 d5 4. g3 Bb4+ 5. Bd2 a5 6. Bg2 O-O 7. Qc1 Be7 8. O-O
Nbd7 9. Bf4 c6 10. Rd1 b6 11. Nc3 Ba6 12. b3 Rc8 13. e4 dxc4 14. Bf1 b5 15. bxc4
b4 16. e5 bxc3 17. exf6 Bxf6 18. Ne5 c5 19. Qxc3 Qc7 20. Ng6 cxd4 21. Qa3 e5 22.
Nxf8 Nxf8 23. Bd2 Bb7 24. Qxa5 Qc6 25. Qd5 Qc7 26. Qa5 Qc6 27. Qd5 Qc7 28. Qb5
Bc6 29. Qa5 Qd7 30. Re1 Ng6 31. Qa3 e4 32. Rad1 Ne5 33. Bg2 e3 34. fxe3 Nf3+ 35.
Bxf3 Bxf3 36. Qd3 1/2-1/2

[Event "4th Prague Masters 2022"]
[Site "Prague CZE"]
[Date "2022.06.09"]
[Round "2.3"]
[White "Vallejo Pons, Francisco"]
[Black "Harikrishna, Pentala"]
[Result "1/2-1/2"]
[WhiteTitle "GM"]
[BlackTitle "GM"]
[WhiteElo "2703"]
[BlackElo "2701"]
[WhiteFideId "2205530"]
[BlackFideId "5007003"]
[EventDate "2022.06.08"]

1. e4 e5 2. Nf3 Nc6 3. Bc4 Bc5 4. d3 Nf6 5. O-O d6 6. c3 a5 7. Re1 Ba7 8. Na3 h6
9. Nb5 Bb6 10. Be3 Bxe3 11. Rxe3 O-O 12. a4 Bg4 13. h3 Bh5 14. Ba2 Kh8 15. Qc2
Bg6 16. Rd1 Na7 17. Nxa7 Rxa7 18. Nh4 Bh7 19. g3 Ra8 20. Kh2 c6 21. Qe2 Qe7 22.
Ng2 b5 23. axb5 cxb5 24. Qd2 Rab8 25. Re2 b4 26. Bc4 Nd7 27. Ra1 Nb6 28. Bb5
bxc3 29. bxc3 d5 30. Rxa5 dxe4 31. dxe4 Qc5 32. c4 Rbd8 33. Qa2 1/2-1/2

[Event "4th Prague Masters 2022"]
[Site "Prague CZE"]
[Date "2022.06.09"]
[Round "2.4"]
[White "Shankland, Sam"]
[Black "Salem, A.R. Saleh"]
[Result "1-0"]
[WhiteTitle "GM"]
[BlackTitle "GM"]
[WhiteElo "2718"]
[BlackElo "2679"]
[WhiteFideId "2004887"]
[BlackFideId "9301348"]
[EventDate "2022.06.08"]

1. e4 c5 2. Nf3 d6 3. d4 cxd4 4. Nxd4 Nf6 5. Nc3 a6 6. Be3 Ng4 7. Bg5 h6 8. Bh4
g5 9. Bg3 Bg7 10. h3 Ne5 11. Nf5 Bxf5 12. exf5 Nbd7 13. Be2 Rc8 14. O-O O-O 15.
Re1 Nf6 16. Bxe5 dxe5 17. Bd3 Qc7 18. Ne4 Rfd8 19. Qf3 Rd7 20. c3 Qb6 21. Rab1
Qa5 22. a3 Qb6 23. Re2 Kf8 24. Rbe1 Qb3 25. Bc2 Qb5 26. g3 Nxe4 27. Bxe4 Bf6 28.
Rc2 Qb3 29. Rd1 Rcd8 30. Rxd7 Rxd7 31. Kg2 b5 32. Qe2 Qa4 33. Bf3 Rd6 34. Qe4
Qb3 35. Re2 Kg7 36. Qc2 Qc4 37. Re3 Qa2 38. Re4 Qd5 39. a4 Qc5 40. axb5 axb5 41.
Qe2 e6 42. fxe6 Rxe6 43. Re3 b4 44. Be4 Bd8 45. c4 Rf6 46. Bf3 Bc7 47. b3 Bb6
48. Rxe5 Qd4 49. Rd5 Qc3 50. Rd3 Qc1 51. Qd2 Qb1 52. Qd1 Qb2 53. Qd2 Qb1 54. Rd6
Rxf3 55. Rxb6 Qe4 56. Kh2 Qf5 57. Qd4+ f6 58. Kg2 Rxb3 59. Rb7+ Kg6 60. Qa7 Qe4+
61. Kh2 Qxc4 62. Rg7+ Kh5 63. Qe7 1-0

[Event "4th Prague Masters 2022"]
[Site "Prague CZE"]
[Date "2022.06.09"]
[Round "2.5"]
[White "Anton Guijarro, David"]
[Black "Vidit, Santosh Gujrathi"]
[Result "1/2-1/2"]
[WhiteTitle "GM"]
[BlackTitle "GM"]
[WhiteElo "2692"]
[BlackElo "2723"]
[WhiteFideId "2285525"]
[BlackFideId "5029465"]
[EventDate "2022.06.08"]

1. e4 e5 2. Nf3 Nf6 3. d4 Nxe4 4. dxe5 Bc5 5. Bc4 Nxf2 6. Bxf7+ Kxf7 7. Qd5+ Kg6
8. Qxc5 Nxh1 9. Nc3 h6 10. Qc4 Nc6 11. Nd5 d6 12. Nf4+ Kh7 13. Qe4+ Kg8 14. Qd5+
Kh7 15. Qe4+ Kg8 16. Qd5+ Kh7 17. Qe4+ 1/2-1/2

[Event "4th Prague Masters 2022"]
[Site "Prague CZE"]
[Date "2022.06.10"]
[Round "3.1"]
[White "Le, Quang Liem"]
[Black "Navara, David"]
[Result "1-0"]
[WhiteTitle "GM"]
[BlackTitle "GM"]
[WhiteElo "2709"]
[BlackElo "2681"]
[WhiteFideId "12401137"]
[BlackFideId "309095"]
[EventDate "2022.06.08"]

1. Nf3 d5 2. d4 Nf6 3. c4 e6 4. Nc3 Bb4 5. Qa4+ Nc6 6. e3 O-O 7. Qc2 Re8 8. Bd2
Bf8 9. a3 e5 10. dxe5 Nxe5 11. cxd5 Nxd5 12. Nxe5 Rxe5 13. e4 Nxc3 14. Bxc3 Re8
15. Bd3 Bd6 16. O-O-O Qg5+ 17. Kb1 Be5 18. h4 Qf6 19. Bxe5 Qxe5 20. Qc1 Be6 21.
f4 Qa5 22. Bc2 Qb5 23. Qe3 Rad8 24. Qg3 f5 25. Qg5 h6 26. Qxd8 Rxd8 27. Rxd8+
Kf7 28. exf5 Bxf5 29. Rc1 c6 30. g3 Be6 31. Re1 Qa5 32. Rdd1 Qc5 33. Re5 Qf2 34.
Rde1 Bg4 35. R1e3 Qf1+ 36. Ka2 Kf6 37. f5 Bf3 38. Re6+ Kf7 39. Re7+ Kf8 40. Re8+
Kf7 41. R3e7+ Kf6 42. Re1 Qc4+ 43. Bb3 Qc5 44. R8e6+ Kxf5 45. Rf1 Kg4 46. Rg6+
Kh5 47. Rxg7 Bd5 48. Rf5# 1-0

[Event "4th Prague Masters 2022"]
[Site "Prague CZE"]
[Date "2022.06.10"]
[Round "3.2"]
[White "Harikrishna, Pentala"]
[Black "Shankland, Sam"]
[Result "1/2-1/2"]
[WhiteTitle "GM"]
[BlackTitle "GM"]
[WhiteElo "2701"]
[BlackElo "2718"]
[WhiteFideId "5007003"]
[BlackFideId "2004887"]
[EventDate "2022.06.08"]

1. d4 Nf6 2. c4 g6 3. Nc3 d5 4. cxd5 Nxd5 5. e4 Nxc3 6. bxc3 Bg7 7. Qa4+ Nd7 8.
Nf3 O-O 9. Be2 Nb6 10. Qb4 Qd6 11. Be3 Qxb4 12. cxb4 Bd7 13. Rc1 Rfc8 14. O-O a6
15. Rfe1 Bb5 16. Nd2 c6 17. Nb3 Rd8 18. d5 Nd7 19. dxc6 bxc6 20. h3 e6 21. Nd4
Ne5 22. Bxb5 cxb5 23. Nc6 Nxc6 24. Rxc6 Bf8 25. a3 Rd3 26. Rec1 Rxa3 27. Rc8
Rxc8 28. Rxc8 Kg7 29. Bd4+ f6 30. Rc7+ Kg8 31. Rc8 Kf7 32. Rc7+ Kg8 1/2-1/2

[Event "4th Prague Masters 2022"]
[Site "Prague CZE"]
[Date "2022.06.10"]
[Round "3.3"]
[White "Nguyen, Thai Dai Van"]
[Black "Anton Guijarro, David"]
[Result "1-0"]
[WhiteTitle "GM"]
[BlackTitle "GM"]
[WhiteElo "2610"]
[BlackElo "2692"]
[WhiteFideId "358878"]
[BlackFideId "2285525"]
[EventDate "2022.06.08"]

1. Nf3 d5 2. d4 Nf6 3. c4 e6 4. Nc3 c6 5. e3 Nbd7 6. Qc2 Bd6 7. b3 O-O 8. Be2 b6
9. O-O Bb7 10. Bb2 Rc8 11. Rad1 c5 12. dxc5 Nxc5 13. cxd5 Nce4 14. dxe6 Nxc3 15.
Bxc3 Ne4 16. Bc4 b5 17. exf7+ Kh8 18. Be5 bxc4 19. Rd4 Qe7 20. Rxe4 Bxe4 21.
Qxe4 c3 22. h4 Bxe5 23. Nxe5 Qd6 24. Nc4 Qa6 25. Qe7 Qg6 26. Nd6 Rcd8 27. Ne8
Qxf7 28. Qxd8 Rxe8 29. Qd3 Rc8 30. Rc1 Qc7 31. Rc2 h6 32. g3 Qa5 33. Qd4 Rc6 34.
e4 Qc7 35. e5 Kg8 36. Kh2 Kf7 37. Qd5+ Ke7 38. b4 a6 39. a3 g5 40. hxg5 hxg5 41.
e6 g4 42. Re2 1-0

[Event "4th Prague Masters 2022"]
[Site "Prague CZE"]
[Date "2022.06.10"]
[Round "3.4"]
[White "Vidit, Santosh Gujrathi"]
[Black "Vallejo Pons, Francisco"]
[Result "1/2-1/2"]
[WhiteTitle "GM"]
[BlackTitle "GM"]
[WhiteElo "2723"]
[BlackElo "2703"]
[WhiteFideId "5029465"]
[BlackFideId "2205530"]
[EventDate "2022.06.08"]

1. e4 c5 2. Nf3 e6 3. d4 cxd4 4. Nxd4 Nc6 5. Nc3 a6 6. Nxc6 bxc6 7. Bd3 d5 8.
O-O Nf6 9. Re1 Be7 10. Bf4 O-O 11. Qf3 a5 12. Na4 Ba6 13. b3 Bb5 14. c4 Bxa4 15.
bxa4 Bb4 16. Red1 Qe7 17. Bg5 h6 18. Bxf6 Qxf6 19. Qxf6 gxf6 20. cxd5 cxd5 21.
exd5 exd5 22. Bb5 Bc3 23. Rab1 d4 24. Rd3 Rfc8 25. Rg3+ Kf8 26. Rh3 Kg7 27. Rg3+
Kf8 28. Rh3 Kg7 29. Bd3 Bb4 30. Rh4 Rd8 31. Rg4+ Kf8 32. Rh4 Kg7 33. Rg4+ Kf8
34. Rh4 1/2-1/2

[Event "4th Prague Masters 2022"]
[Site "Prague CZE"]
[Date "2022.06.10"]
[Round "3.5"]
[White "Salem, A.R. Saleh"]
[Black "Maghsoodloo, Parham"]
[Result "1/2-1/2"]
[WhiteTitle "GM"]
[BlackTitle "GM"]
[WhiteElo "2679"]
[BlackElo "2716"]
[WhiteFideId "9301348"]
[BlackFideId "12539929"]
[EventDate "2022.06.08"]

1. e4 e5 2. Nf3 Nc6 3. Bb5 a6 4. Ba4 Nf6 5. O-O b5 6. Bb3 Bb7 7. Re1 Be7 8. d3
O-O 9. Nbd2 Bc5 10. c3 d6 11. Nf1 Ne7 12. Bg5 Ng6 13. Nh4 Nxh4 14. Bxh4 h6 15.
Ne3 g5 16. Bg3 Bxe3 17. Rxe3 Kg7 18. a4 Qe7 19. Re1 c5 20. h4 Bc6 21. d4 cxd4
22. cxd4 bxa4 23. Bxa4 Bxa4 24. Rxa4 Rfb8 25. Qe2 Rb6 26. Ra5 Nd7 27. hxg5 hxg5
28. Rd1 f6 29. Rd5 Nf8 30. dxe5 dxe5 31. f3 Rab8 32. Bf2 Rxb2 33. Qxa6 Rb1 34.
Qf1 Rxd1 35. Qxd1 Rc8 1/2-1/2

[Event "4th Prague Masters 2022"]
[Site "Prague CZE"]
[Date "2022.06.11"]
[Round "4.1"]
[White "Nguyen, Thai Dai Van"]
[Black "Le, Quang Liem"]
[Result "1/2-1/2"]
[WhiteTitle "GM"]
[BlackTitle "GM"]
[WhiteElo "2610"]
[BlackElo "2709"]
[WhiteFideId "358878"]
[BlackFideId "12401137"]
[EventDate "2022.06.08"]

1. Nf3 d5 2. d4 Nf6 3. c4 e6 4. g3 Bb4+ 5. Bd2 a5 6. Bg2 O-O 7. Qc2 c5 8. cxd5
cxd4 9. Nxd4 Qb6 10. e3 exd5 11. O-O Nc6 12. Nxc6 bxc6 13. Rc1 Rb8 14. Nc3 h5
15. a3 Be7 16. Na4 Qc7 17. Qxc6 Qxc6 18. Rxc6 Bd7 19. Rc7 Bd8 20. Rxd7 Nxd7 21.
Rd1 Nb6 22. Nxb6 Rxb6 23. b4 axb4 24. Bxb4 Re8 25. Rxd5 Be7 26. Re5 Kf8 27. Rxh5
Bxb4 28. Rh8+ Ke7 29. Rxe8+ Kxe8 30. axb4 Rxb4 31. h4 1/2-1/2

[Event "4th Prague Masters 2022"]
[Site "Prague CZE"]
[Date "2022.06.11"]
[Round "4.2"]
[White "Navara, David"]
[Black "Salem, A.R. Saleh"]
[Result "1-0"]
[WhiteTitle "GM"]
[BlackTitle "GM"]
[WhiteElo "2681"]
[BlackElo "2679"]
[WhiteFideId "309095"]
[BlackFideId "9301348"]
[EventDate "2022.06.08"]

1. d4 Nf6 2. c4 g6 3. Nc3 d5 4. cxd5 Nxd5 5. e4 Nxc3 6. bxc3 Bg7 7. Be3 c5 8.
Rc1 O-O 9. Qd2 Nd7 10. Bd3 e5 11. d5 f5 12. Bg5 Bf6 13. h4 f4 14. Nf3 Kg7 15. c4
h6 16. Bxf6+ Qxf6 17. Qc3 Re8 18. Bc2 Nb6 19. a4 Bd7 20. Rb1 Rab8 21. Nd2 Nc8
22. Qa3 b6 23. a5 Nd6 24. Ba4 b5 25. cxb5 Bxb5 26. Bxb5 Nxb5 27. Qh3 Nd4 28. O-O
h5 29. Nf3 Nxf3+ 30. gxf3 Kh6 31. Rfc1 Red8 32. Rxb8 Rxb8 33. Rxc5 Rb1+ 34. Kg2
Qa6 35. Kh2 Qf6 36. Rc6 Qd8 37. Kg2 a6 38. Qf5 1-0

[Event "4th Prague Masters 2022"]
[Site "Prague CZE"]
[Date "2022.06.11"]
[Round "4.3"]
[White "Maghsoodloo, Parham"]
[Black "Harikrishna, Pentala"]
[Result "0-1"]
[WhiteTitle "GM"]
[BlackTitle "GM"]
[WhiteElo "2716"]
[BlackElo "2701"]
[WhiteFideId "12539929"]
[BlackFideId "5007003"]
[EventDate "2022.06.08"]

1. d4 d5 2. c4 c6 3. Nf3 Nf6 4. e3 Bf5 5. Nc3 e6 6. Nh4 Be4 7. f3 Bg6 8. Qb3 Qb6
9. Nxg6 hxg6 10. Bd2 Nbd7 11. O-O-O Qxb3 12. axb3 Bb4 13. Kc2 O-O-O 14. Bd3 a6
15. Be1 Bd6 16. h4 Ne8 17. e4 Nc7 18. Bf2 Be7 19. g4 a5 20. Bg3 Nb8 21. Be2 Bd6
22. e5 Bb4 23. c5 b6 24. cxb6 Na8 25. Na2 Be7 26. Be1 Kb7 27. Bxa5 c5 28. dxc5
Bxc5 29. b4 Bxb6 30. f4 Rc8+ 31. Nc3 Nc6 32. Bxb6 Nxb6 33. Kb3 Ra8 34. b5 Na5+
35. Kb4 Nac4 36. b3 Ne3 37. Rc1 Rhc8 38. Bf3 Ra1 39. h5 gxh5 40. gxh5 Kb8 41. f5
exf5 42. h6 gxh6 43. Rxa1 Nc2+ 44. Ka5 Kb7 45. Bxd5+ Nxd5 46. Rxh6 Rxc3 47. Ra4
Nce3 48. e6 fxe6 49. Rxe6 f4 50. Rxf4 Nxf4 51. Rb6+ Kc7 52. Rc6+ Rxc6 53. bxc6
Ned5 54. b4 Nb6 55. Kb5 Ne6 56. Ka6 Kxc6 57. b5+ Kc5 58. Kb7 Nd8+ 59. Kc7 Nf7
60. Kb7 Ne5 61. Kc7 Ned7 62. Kd8 Kd6 63. Ke8 Ne5 64. Kf8 Ke6 65. Kg7 Kf5 66. Kh6
Kg4 67. Kh7 Kh5 68. Kg7 Kg5 69. Kh7 Nf7 70. Kg7 Nd6 71. Kh7 Nf5 72. Kg8 Kf6 73.
Kh7 Kf7 74. Kh8 Nd7 0-1

[Event "4th Prague Masters 2022"]
[Site "Prague CZE"]
[Date "2022.06.11"]
[Round "4.4"]
[White "Anton Guijarro, David"]
[Black "Vallejo Pons, Francisco"]
[Result "0-1"]
[WhiteTitle "GM"]
[BlackTitle "GM"]
[WhiteElo "2692"]
[BlackElo "2703"]
[WhiteFideId "2285525"]
[BlackFideId "2205530"]
[EventDate "2022.06.08"]

1. e4 e6 2. d4 d5 3. e5 c5 4. c3 Nc6 5. Nf3 Qb6 6. a3 Nh6 7. Bd3 cxd4 8. O-O Bd7
9. c4 dxc4 10. Bxc4 Qc5 11. Nbd2 Nxe5 12. Nxe5 Qxe5 13. Nf3 Qc5 14. Qe2 Rc8 15.
Bd3 Bd6 16. Bxh6 gxh6 17. Rad1 Rd8 18. Rfe1 Qh5 19. Be4 Bb5 20. Qc2 O-O 21. a4
Ba6 22. Bd3 Bxd3 23. Qxd3 e5 24. Qe4 Rfe8 25. Nh4 Bb4 26. Rf1 Re6 27. Rd3 Rf6
28. g3 b6 29. Kg2 a5 30. Kh3 Bf8 31. f3 Kh8 32. Rc1 Bc5 33. b4 Bxb4 34. Rc7 Qg5
35. f4 exf4 36. Rxd4 Rg8 37. Qd5 Qg4+ 38. Kg2 Qxh4 39. Rxf7 Rxf7 40. Qxf7 f3+ 0-1

[Event "4th Prague Masters 2022"]
[Site "Prague CZE"]
[Date "2022.06.11"]
[Round "4.5"]
[White "Shankland, Sam"]
[Black "Vidit, Santosh Gujrathi"]
[Result "1/2-1/2"]
[WhiteTitle "GM"]
[BlackTitle "GM"]
[WhiteElo "2718"]
[BlackElo "2723"]
[WhiteFideId "2004887"]
[BlackFideId "5029465"]
[EventDate "2022.06.08"]

1. e4 c5 2. Nf3 e6 3. c3 d5 4. exd5 Qxd5 5. d4 Nf6 6. Na3 Nc6 7. Be3 cxd4 8. Nb5
Qd7 9. Nbxd4 Be7 10. Nxc6 Qxc6 11. Ne5 Qe4 12. Bb5+ Kf8 13. Nf3 Ng4 14. Qd4 Qxd4
15. Bxd4 f6 16. h3 Nh6 17. O-O-O Nf5 18. Bc5 Kf7 19. Bxe7 Kxe7 20. Rhe1 e5 21.
Ba4 Rd8 22. Rxd8 Kxd8 23. Bc2 h6 24. Nd2 Bd7 25. g3 Nd6 26. h4 Kc7 27. Bg6 Be8
28. Bd3 Bf7 29. Kc2 b5 30. f4 Re8 31. fxe5 1/2-1/2

[Event "4th Prague Masters 2022"]
[Site "Prague CZE"]
[Date "2022.06.13"]
[Round "5.1"]
[White "Harikrishna, Pentala"]
[Black "Navara, David"]
[Result "1/2-1/2"]
[WhiteTitle "GM"]
[BlackTitle "GM"]
[WhiteElo "2701"]
[BlackElo "2681"]
[WhiteFideId "5007003"]
[BlackFideId "309095"]
[EventDate "2022.06.08"]

1. d4 Nf6 2. c4 g6 3. Nc3 d5 4. cxd5 Nxd5 5. e4 Nxc3 6. bxc3 Bg7 7. Nf3 c5 8.
Bb5+ Nc6 9. O-O O-O 10. Bxc6 bxc6 11. Qc2 cxd4 12. cxd4 Bg4 13. Ne5 Qxd4 14. Bb2
Qb4 15. Rab1 Bxe5 16. Bxe5 Qa5 17. Bc3 Qc5 18. Qb2 a5 19. Bd4 Qd6 20. Qc3 Be2
21. Rfe1 Bb5 22. Bc5 Qe6 23. Rbd1 a4 24. Rd2 Rfd8 25. h3 Rxd2 26. Qxd2 Bc4 27.
a3 Bb3 28. Qd4 Re8 29. Re2 f6 30. Rd2 g5 31. Qe3 Qe5 32. Bd4 Qf4 33. Qxf4 gxf4
34. Bb6 Kf7 35. Rd8 Rxd8 36. Bxd8 e5 37. f3 Ke6 38. Kf2 Bc2 39. g3 fxg3+ 40.
Kxg3 f5 41. exf5+ Bxf5 42. h4 Kd5 43. Kf2 Kd4 44. Ke2 c5 45. Kd2 Bg6 46. Ba5 Bh5
47. Bc3+ Kd5 48. Ke3 Kc4 49. Bxe5 Kb3 50. Kd2 Bxf3 51. Bd6 Kxa3 52. Kc3 1/2-1/2

[Event "4th Prague Masters 2022"]
[Site "Prague CZE"]
[Date "2022.06.13"]
[Round "5.2"]
[White "Salem, A.R. Saleh"]
[Black "Nguyen, Thai Dai Van"]
[Result "1/2-1/2"]
[WhiteTitle "GM"]
[BlackTitle "GM"]
[WhiteElo "2679"]
[BlackElo "2610"]
[WhiteFideId "9301348"]
[BlackFideId "358878"]
[EventDate "2022.06.08"]

1. e4 e5 2. Nf3 Nc6 3. Bc4 Bc5 4. d3 Nf6 5. Bg5 h6 6. Bh4 d6 7. c3 a6 8. Nbd2
Ba7 9. O-O Qe7 10. a4 Be6 11. b4 O-O 12. Re1 Bxc4 13. Nxc4 Qe6 14. b5 Ne7 15.
Bxf6 Qxf6 16. Rb1 Qe6 17. b6 cxb6 18. Nxb6 Rab8 19. Re2 Ng6 20. Reb2 f5 21. Qb3
Qxb3 22. Rxb3 Bxb6 23. Rxb6 Nf4 24. Rxd6 fxe4 25. dxe4 Ne2+ 26. Kf1 Nxc3 27. Rb4
a5 28. Rc4 Rbc8 29. Nxe5 Rxc4 30. Nxc4 Nxe4 1/2-1/2